000 00521nam a22001577a 4500
005 20231102064826.0
008 231102b |||||||| |||| 00| 0 eng d
041 _aEnglish
082 _a346.7 DIE
100 _aDiemont, MA and Marais RM
_lEnglish
245 _aThe Hire-Purchase Amendment Act No. 30 of 1965 /
_cMA Diemont and RM Marais
260 _aCape Town :
_bJuta and Company Limited,
_c1988
300 _b18 pages ;
_c25 cm.
650 _aLegal practice
_bLaw
942 _cBK
_6ALISON_BN_VRIES
999 _c237
_d237